<?xml version="1.0" encoding="UTF-8"?>
<marc:record xmlns:marc="http://www.loc.gov/MARC21/slim">
   <marc:leader>00000nam a2200000 a 4500</marc:leader>
   <marc:datafield ind1="0" ind2="0" tag="245">
      <marc:subfield code="a">The Illusionist</marc:subfield>
   </marc:datafield>
   <marc:datafield ind1="0" ind2="0" tag="245">
      <marc:subfield code="b">nichts ist wie es scheint</marc:subfield>
   </marc:datafield>
   <marc:datafield ind1="0" ind2="0" tag="245">
      <marc:subfield code="c">Darsteller: Edward Norton, Paul Giamatti, Jessica Biel</marc:subfield>
   </marc:datafield>
   <marc:datafield ind1=" " ind2="1" tag="264">
      <marc:subfield code="a">Zürich</marc:subfield>
      <marc:subfield code="b">Ascot Elite Home Entertainment</marc:subfield>
      <marc:subfield code="c">2008</marc:subfield>
   </marc:datafield>
   <marc:datafield ind1="1" ind2=" " tag="520">
      <marc:subfield code="a">Im Wien des späten 19. Jahrhunderts lässt der Magier Eisenheim die Massen mit seinen perfekten Tricks an echte Zauberei glauben. Weniger überzeugt von Eisenheims Talenten ist der neurotische Kronprinz Leopold, der Eisenheim den eigentlich ganz netten Polizeichef Uhl auf den Hals hetzt. So richtig sauer wird der Monarch aber erst, als seine Mätresse Sophie in Liebe zu dem Schausteller entbrennt. Als Sophie nach einem heftigen Streit ermordet aufgefunden wird, beschwört Eisenheim öffentlich ihren Geist.</marc:subfield>
   </marc:datafield>
   <marc:datafield ind1=" " ind2=" " tag="020">
      <marc:subfield code="a">B001IXH772</marc:subfield>
      <marc:subfield code="9">B001IXH772</marc:subfield>
   </marc:datafield>
   <marc:datafield ind1=" " ind2=" " tag="041">
      <marc:subfield code="a">ger</marc:subfield>
   </marc:datafield>
   <marc:datafield ind1="0" ind2=" " tag="490">
      <marc:subfield code="v">0</marc:subfield>
   </marc:datafield>
   <marc:datafield ind1=" " ind2=" " tag="338">
      <marc:subfield code="a">Videodisk</marc:subfield>
   </marc:datafield>
   <marc:datafield ind1=" " ind2=" " tag="300">
      <marc:subfield code="a">1 DVD (104 Min.)</marc:subfield>
   </marc:datafield>
</marc:record>
